000
00404nam a22001337a 4500
020
_a
9780071078122
082
_a
300.2
100
_a
Narendar Singh
245
_a
Industrial Sociology
260
_a
New Delhi
_b
Tata McGraw Hill
_c
2012
300
_a
404p
942
_c
BK
999
_c
3074
_d
3074